Normal view MARC view
  • Estañol, Bruno,

Entry Nombre Personal

Number of records used in: 4

001 - NUMERO DE CONTROL

  • campo de control: 45891

003 - IDENTIFICADOR DE NUMERO DE CONTROL

  • campo de control: DLC

005 - FECHA Y HORA DE LA ÜLTIMA TRANSACCIÓN

  • campo de control: 20221114092014.0

008 - DATOS DE LONGITUD FIJA

  • campo de control de longitud fija: 220822n| azannaabn |n aaa

010 ## - NÚMERO DE CONTROL DE LA BIBLIOTECA DEL CONGRESO

  • Número de control LC: n 93054600

035 ## - NUMERO DE CONTROL

  • Número de control: (OCoLC)oca03387918

040 ## - FUENTE DE CATALOGACIÓN

  • Agencia original de catalogación: DLC
  • Lenguaje de catalogación: spa
  • Description conventions: rda
  • Agencia de transcripción: DLC
  • Agencia que lo modifica: DLC
  • Agencia que lo modifica: OCoLC
  • Agencia que lo modifica: UPB
  • Agencia que lo modifica: MxMXUNAM
  • Agencia que lo modifica: MX-MxUPN

046 ## - FECHAS CON CODIFICACIÓN ESPECIAL

  • Fecha de nacimiento: 1945

053 #0 - NÚMERO DE CLASIFICACIÓN LC

  • Número de clasificación elemento-número único o número inicial de tramo: PQ7298.15.S66

100 1# - ENCABEZAMIENTO - NOMBRE PERSONAL

  • Nombre personal: Estañol, Bruno,
  • Fechas asociadas con el nombre: 1945-

370 ## - LUGAR ASOCIADO

  • Place of birth: Frontera (Tabasco, México)
  • Fuente del término: naf

374 ## - OCUPACIÓN

  • Occupation: Neurólogo
  • Occupation: Ensayista
  • Occupation: Narrador
  • Fuente del término: lcsh

375 ## - GÉNERO

  • Gender: masculino

377 ## - LENGUA ASOCIADA

  • Language code: spa

670 ## - FUENTE EN LA QUE SE LOCALIZARON DATOS

  • Cita de la fuente: En su obra: El féretro de cristal, 1992:
  • Información localizada: portada (Bruno Estañol) solapa delantera (n. 1945, Frontera, Tabasco, México; neurologist and writer)

670 ## - FUENTE EN LA QUE SE LOCALIZARON DATOS

  • Cita de la fuente: Biblioteca del Congreso (Estados Unidos), 13 abril 2009:
  • Información localizada: catálogo electrónico (encabezamiento: Estañol, Bruno, 1945-)

670 ## - FUENTE EN LA QUE SE LOCALIZARON DATOS

  • Cita de la fuente: Dicc. de escritores mexicanos siglo XX, 1988-2008:
  • Información localizada: t. 2 págna138 (Estañol, Bruno (1945). Nació en Fronteras, Tabasco, el 28 de mayo. Hizo la carrera de medicina en la Universidad Nacional Autónoma de México. Se especializó en neurología en los Estados Unidos, en The John Hopkins University. Ensayista y narrador)